Connais tu vraiment le Liban? - Statistiques

Statistiques générales
  • Ce quiz a été pris 145 fois
  • Le résultat moyen est 5 sur 13
Statistiques - réponses
Question Reponse % Correct
Quelle est la capital du Liban? Beyrouth
100%
quel pays se trouve au nord et a l'est du liban? Syrie
71%
Quel est le nom de l'aéroport international au Liban? Rafic Hariri
59%
quelle université libanaise a été fondée par des missionnaires américains en 1866? AUB
49%
quel est la ville la plus ancienne du Liban? Byblos
48%
Quelle ville est surnommée "la perle de la bekaa"? Zahle
38%
quel est le fleuve le plus long de liban? Litanni
37%
Quel Poete Libanais a intégré l'académie française? Amin Maalouf
31%
combien de depute siege au parlement? 128
21%
quelle chaine de fast food est célèbre pour ses sandwich tawouk? Malak el tawouk
21%
quel est le vrai prénom de fairouz? Nouhad
18%
quel est la ville la plus au sud? Naqoura
17%
dans quelle place se trouve le parlement? place de l'étoile
15%
Aucun quiz correspondant
Distribution des résultats
% des personnes avec chaque résultat
Percentile par nombre de réponses
Votre historique - résultats
Vous n’avez pas pris ce quiz